| 000 | 00410nam a2200145Ia 4500 | ||
|---|---|---|---|
| 008 | 151021s9999 xx 000 0 und d | ||
| 020 | _a299054047 | ||
| 050 | _aHT1322C37 1969 | ||
| 245 | _a_The atlantic slave trade Acensus | ||
| 260 | _aUSA The university of wisconsin press 1969 | ||
| 300 | _axv,338p;ill. | ||
| 500 | _aIncludes Index | ||
| 650 | _a_Slave trade | ||
| 980 | _a^d20110202 11:22:18^okorir | ||
| 999 |
_c6543 _d6543 |
||